000 00289nam a22001337a 4500
008 170323b xxu||||| |||| 00| 0 eng d
020 _a9780813522814
041 _aeng
080 _a616.9
100 _a8
101 _aSHM
245 _aNO GERMS ALLOWED!
_cWEINBERG, W.G
942 _2udc
_cBK
999 _c8477
_d8477